|
|
|
|
| LEADER |
01179nam a2200265 a 4500 |
| 001 |
GR-Patra4666 |
| 008 |
991022s1990 gr 000 0 gre d |
| 040 |
|
|
|a GrPaTEI
|b gre
|c GR-PaULI
|
| 245 |
0 |
0 |
|a Στοχαστικές μέθοδοι στις επιχειρησιακές έρευνες
|n 2/.
|
| 260 |
|
|
|a Θεσσαλονίκη :
|b Ζήτη,
|c 1990
|
| 300 |
|
|
|a 139σ. :
|b διαγρ., πίν.
|
| 504 |
|
|
|a Βιβλιογραφία: σ.137-139
|
| 650 |
|
4 |
|a Επιχειρησιακή έρευνα
|
| 650 |
|
4 |
|a ΘΕΩΡΙΑ ΑΝΑΝΕΩΣΗΣ
|
| 650 |
|
4 |
|a ΜΑΘΗΜΑΤΙΚΑ ΤΩΝ ΕΠΙΧΕΙΡΗΣΕΩΝ
|
| 650 |
|
4 |
|a ΜΑΘΗΜΑΤΙΚΗ ΜΕΘΟΔΟΣ
|
| 650 |
|
4 |
|a ΜΑΡΚΟΒΙΑΝΑ ΣΥΣΤΗΜΑΤΑ
|
| 650 |
|
4 |
|a ΜΑΡΚΟΒΙΑΝΕΣ ΑΛΥΣΙΔΕΣ
|
| 650 |
|
4 |
|a ΣΤΟΧΑΣΤΙΚΕΣ ΜΕΘΟΔΟΙ
|
| 700 |
1 |
|
|a Βασιλείου, Π.-Χ. Γ.
|
| 710 |
0 |
|
|a Ζήτη
|
| 942 |
|
|
|2 ddc
|
| 952 |
|
|
|0 0
|1 0
|2 ddc
|4 0
|6 519_200000000000000_ΒΑΣ
|7 0
|9 285644
|a LISK
|b LISK
|c BSC
|d 2021-01-17
|e 24
|f 0
|g 0.00
|l 0
|o 519.2 ΒΑΣ
|p 9241005895
|r 2021-01-17 00:00:00
|t 1
|w 2021-01-17
|y BK15
|x 19991024 0 1
|x GrPaTEI
|
| 971 |
|
|
|a .b26521702
|b 16-04-20
|c 23-09-16
|
| 999 |
|
|
|c 166588
|d 166588
|